| 000 | 00627nmc a2200241 a 4500 | ||
|---|---|---|---|
| 003 | AR-BaBNM | ||
| 005 | 20251128211232.0 | ||
| 008 | 233020s[200 ||||||||||||||000 | spa|| | ||
| 020 | _a987-97618-0-4 | ||
| 040 | _cAR-BaBNM | ||
| 100 | 1 | _aHarvey, Mimí | |
| 245 | 1 | 0 | _aEl hombrecito azul |
| 260 |
_aBuenos Aires _bEdiciones Sala Alberdi _c[2001?] |
||
| 300 |
_a31 p. _bil. |
||
| 490 | 0 | _aColección Teatro Infantil | |
| 650 | 4 | _aLITERATURA INFANTIL | |
| 650 | 4 | _aTEATRO INFANTIL | |
| 655 | _aLITERATURA | ||
| 700 | 1 | _aPrado González, Fabio | |
| 700 | 1 |
_aSedrán, Sara _eilustrador |
|
| 942 | _cBK | ||
| 998 | _cLaura | ||
| 999 |
_c18843 _d18843 |
||